00490nam a2200169Ia 450000500170000000800410001704000190005804100120007708200250008910000230011424500390013726000340017630000100021065000670022065100230028785000100031020230506114206.0131103s9999 xx 000 0 und d aLoreto College aEnglish aTAG 891.44 bTAG-BIS aBisi, Pramathanath aRabindra-saranicPramathanath Bisi aCalcuttabMitra O Ghoshc1967 a426p  aTagore, Rabindranath, 1861-1941 - Criticism and Interpretation aBengali Literature aLCLIB